| 000 | 00315nam a22000857a 4500 | ||
|---|---|---|---|
| 008 | 230211b ||||| |||| 00| 0 eng d | ||
| 100 | _aH.R. Harmer Fine Stamp Auctions | ||
| 245 | _aSale 3042 - United States, British Commonwealth, and Worldwide Stamps, Covers and Collections | ||
| 650 | _aUnited States|British Commonwealth | ||
| 999 |
_c3484 _d3484 |
||